000 00886nam a2200265 a 4500
001 35970
003 BD-RjUL
005 20211209052419.0
008 141025s1994 flua b 001 0 eng
020 _a0873717309 (acidfree paper)
035 _a(BD-RjUL)36067
040 _aDLC
_cDLC
_dDLC
_dBD-RjUL
_beng
041 _aeng
082 0 0 _a631.45
_220
_bMAN 1994
245 0 0 _aManaging agricultural residues /
_cedited by Paul W. Unger.
260 _aBoca Raton :
_bLewis Publishers,
_cc1994.
300 _a[10], 448 p. :
_bill. ;
_c26 cm.
504 _aIncludes bibliographical references and index.
650 0 _aCrop residue management.
_9113683
650 0 _aConservation tillage.
_9113684
700 1 _aUnger, Paul W., ed.
_9113685
856 4 2 _3Publisher description
_uhttp://www.loc.gov/catdir/enhancements/fy0744/93034240-d.html
942 _2ddc
_cBK
999 _c35970
_d35970